Tiêu chuẩn xây dựng Việt Nam: Công trình thủy lợi các quy định chủ yếu về thiết kế

সংরক্ষণ করুন:
গ্রন্থ-পঞ্জীর বিবরন
বিন্যাস: গ্রন্থ
ভাষা:Undetermined
প্রকাশিত: Hà Nội Xây dựng 2003
বিষয়গুলি:
ট্যাগগুলো: ট্যাগ যুক্ত করুন
কোনো ট্যাগ নেই, প্রথমজন হিসাবে ট্যাগ করুন!
Thư viện lưu trữ: Trung tâm Học liệu Trường Đại học Cần Thơ
LEADER 00570nam a2200181Ia 4500
001 CTU_62418
008 210402s9999 xx 000 0 und d
020 |b 10000 
082 |a 627.50218 
082 |b T309 
245 0 |a Tiêu chuẩn xây dựng Việt Nam: Công trình thủy lợi các quy định chủ yếu về thiết kế 
260 |a Hà Nội 
260 |b Xây dựng 
260 |c 2003 
650 |a hydraulic engineering 
650 |x standard 
904 |i Nguyên 
980 |a Trung tâm Học liệu Trường Đại học Cần Thơ